=LDR 00000nam 2200000 4500 =001 INLIS00000000000050 =005 20260702043538 =020 ##$$a 979-3931-55-8 =082 ##$$a 025.559 =100 1#$$a Dewanta, Masde Al =245 1 $$a Konsumsi Makanan Sehat Untuk Penderita Penyakit Diabetes,Strok Dan Jantung /$c Masde Al Dewanta =300 ##$$a 148 ; 12x19,5